Normal view
MARC view
Entry Personal Name
001 - CONTROL NUMBER
- control field: 28073
003 - CONTROL NUMBER IDENTIFIER
- control field: ARRUPE
005 - DATE AND TIME OF LATEST TRANSACTION
- control field: 20161215083930.0
008 - FIXED-LENGTH DATA ELEMENTS
- fixed length control field: 161215|| aca||aabn | a|a d
040 ## - CATALOGING SOURCE
- Original cataloging agency: ARRUPE
- Transcribing agency: ARRUPE
100 ## - HEADING--PERSONAL NAME
- Personal name: Masson, J. Moussaieff
- Fuller form of name: (Jeffrey Moussaieff),
- Dates associated with a name: 1941-
670 ## - SOURCE DATA FOUND
- Source citation: Work cat.: (ARRUPE)0: Freud, Sigmund, 1856-1939. 28068, The complete letters of Sigmund Freud to Wilhelm Fliess, 1887-1904 /, 1985.